000 01208nam a2200313 a 4500
003 BLK
005 20250325153213.0
007 ta
008 240704b bul|||||r ||||||| ||bul||
020 _a9789542847434
040 _aBLK
041 _aBUL
_cBUL
080 _b821.163.2
_aБългарска литература
_x-94
_z821.163.2-94
_9227592
080 _b784.7
_aДруги видове песни. - Естрада, джаз. Стари градски. Рок и попмузика. Чалга (поп фолк)
_z784.7
_9230551
084 _aИ 83
100 1 _aЙорданов, Николай
_973901
245 _aИзвън контрол
_cКольо Гилъна, Борислав Колев
257 _aBGR
260 _aСофия
_bСиела Норма
_c2024
_9217021
300 _a328 с.
_b16 с. сн.
_c22 см
380 _aX
700 _9265667
_aКолев, Борислав Любенов
852 _bП
_c821.163.2-9/Й 83 Н
856 4 _qpdf
_u
_i0.00
_ldisable
856 4 _qpdf
_u
_i0.00
_ldisable
942 _cKNG
_n0
_s1
_036
944 _cГеновева Генчева
_k30576
_lЦветомила Тодорова
_a30560
999 _c513348
_d513348